Statistics for The Alan Parsons Project Charting Songs (Billboard Hot 100)

Click here to take the quiz!

General Stats

  • This quiz has been taken 10 times
  • The average score is 5 of 16

Answer Stats

AlbumWeeks OnPeakSong% Correct
Eye in the Sky25 Weeks#3Eye in the Sky
100%
The Turn of a Friendly Card23 Weeks#15Time
50%
The Turn of a Friendly Card23 Weeks#16Games People Play
50%
Tales of Mystery and Imagination4 Weeks#80The Raven
50%
Ammonia Avenue15 Weeks#15Don't Answer Me
38%
Tales of Mystery and Imagination10 Weeks#37(The System of) Doctor Tarr and Professor Fether
38%
The Turn of a Friendly Card5 Weeks#67Snake Eyes
38%
Eve17 Weeks#27Damned If I Do
25%
Ammonia Avenue11 Weeks#34Prime Time
25%
Ammonia Avenue10 Weeks#54You Don't Believe
25%
Vulture Culture5 Weeks#71Days Are Numbers (The Traveller)
25%
Stereotomy4 Weeks#82Stereotomy
25%
Eye in the Sky10 Weeks#57Psychobabble
13%
Pyramid3 Weeks#87What Goes Up
13%
Vulture Culture10 Weeks#56Let's Talk About Me
0%
I Robot4 Weeks#92Don't Let It Show
0%

Score Distribution

Percentile by Number Answered

Percent of People with Each Score

Your Score History

You have not taken this quiz